000 03391nam a22001577a 4500
041 _aukr
080 _a09
090 _bКУТ
100 _aКутир А.П.
245 _aСемантичний аналіз слів на позначення магічних дій у романах Джоан К.Роулінг
260 _aОстрог
_bКАФ
_c2009
300 _a84
520 _aВСТУП РОЗДІЛ 1 ОСОБЛИВОСТІ ФЕНТЕЗІ ЯК ЖАНРУ, ЩО НАЛЕЖИТЬ ДО ХУДОЖНЬОГО СТИЛЮ 1.1 Поняття "стиль"як одне з ключових понять літератури та стилістики. 1.1.1 Походження та дефініція поняття "стиль". 1.1.2Класифікація основних стилів англійської мови. 1.1.3 Індивідуальний стиль автора. 1.2 Фентезі як жанр художнього стилю. 1.2.1 Основні особливості художнього (літературного) стилю у англійській літературі. 1.2.2 Особливості фентезі як одного з жанрів, що належить до художнього стилю літератури. РОЗДІЛ 2 ЛЕКСИЧНИЙ АНАЛІЗ СЛІВ НА ПОЗНАЧЕННЯ МАГІЧНИХ ДІЙ (ЗА РОМАНАМИ ДЖ. К.РОУЛІНГ) 2.1 Різні види магії. 2.1.1 Магічні науки. 2.2 Інгредієнти магічних зілль. 2.3 Магічні істоти. 2.4 Лексичні одиниці,що позначають соціальні прошарки. 2.5 Зачаровані обєкти. 2.6 Магічні способи пересування. 2.7 Група загальних заклять. 2.7.1 Загальні закляття. 2.7.2 Магічні закляття. 2.7.3 Магічні прокляття. 2.7.4 Магічні чари. 2.8 Лексичні одиниці для позначення психічного стану під час валиву магії. 2.8.1 Лексика на позначення перебування під впливом заклять. 2.8.2 Протидія магічного впливу. РОЗДІЛ 3 ЛЕКСИКО-СЕМАНТИЧНЕ ПОЛЕ МАГІЧНИХ ДІЙ 3.1 Лексико-семантична система мови. 3.1.1 Поняття лексико-семантичної системи. 3.1.2 Основні типи відношень в лексико-семантичній системі мови. 3.2 Лексико-семантичне поле та його особливості. 3.2.1 Визначення поняття "лексико-семантичне поле". 3.2.2 Структура лексико-семантичного поля. 3.2.3 Основні особливості лексико-семантичного поля та методики його виділення. 3.3 Лексико-семантичне поле магічних дій. 3.3.1 Структура лексико-семантичного поля магічних дій. 3.3.2 Аналіз лексико-семантичного поля магічних дій. ВИСНОВКИ
_0фентезі, Джоан К.Роулінг
650 _aResearch Papers
999 _c284171
_d284171
942 _cBK